000
00271nam a2200109Ia 4500
008
221009s9999 xx 000 0 und d
082
_a
307.7/SAR
100
_a
Dasgupta, Samira
_9
1277
245
0
_a
Spectrum Of Tribal Bastar
260
_b
Agam Kala Prakashan,
942
_c
BK
999
_c
64826
_d
64826